[Event "ROU-chT Men Superliga 2018"]
[Site "Sovata"]
[Date "2018.11.26"]
[Round "3"]
[White "Baratosi, Daniel"]
[Black "Gavrilescu, David"]
[Result "0-1"]
[WhiteElo "2373"]
[BlackElo "2481"]
[Annotator "TA"]
[PlyCount "66"]
[EventDate "2018.11.24"]
[EventType "team-tourn"]
[EventCountry "ROU"]
[SourceTitle "playchess.com"]
[Source "ChessBase"]
[SourceQuality "1"]

{[%evp 11,66,-11,0,-10,-5,-29,-25,-10,-14,0,-4,-11,0,-6,-7,-8,0,0,6,0,0,-78,-76,-109,-91,-87,-90,-182,-134,-169,-132,-205,-184,-269,-170,-168,-175,-326,-299,-402,-294,-295,-260,-252,-252,-477,-204,-210,-208,-187,0,-190,-189,-29987,-29988,-29988,-29989]} 1. Nf3 d5 {[%cal Bd7d5,Bd5d4][%mdl 32]} 2. g3 c5 3. Bg2 g6 4. O-O Bg7 5. c4 d4 6. d3 Nc6 7. Na3 {A08: King's Indian Attack} (7. a3 a5 8. e3 Nf6 9. exd4 cxd4 10. Nbd2 Nd7 11. Re1 Nc5 12. Ne4 Na6 13. b4 axb4 14. axb4 Ncxb4 {½-½ (60) Minasian,A (2558)-Ganguly,S (2643) Dubai 2011}) 7... Nf6 {[%cal Bg8f6,Bf6d7,Bd7c5][%mdl 32]} 8. Nc2 O-O 9. e3 {Black has an edge.} a5 10. exd4 cxd4 11. Re1 Nd7 12. b3 Re8 $146 ({Predecessor:} 12... e5 13. Rb1 Re8 14. Ng5 Nc5 {½-½ (48) Asadli,V (2378)-Rasulov,V (2498) Baku 2016}) 13. Ba3 Qb6 14. Qd2 h6 15. Re4 Nc5 16. Rh4 (16. Re2 $11 {remains equal.}) 16... e5 $17 17. Re1 Bf5 18. g4 Bd7 19. h3 (19. g5 $17) 19... Rad8 20. Rxh6 Nb4 21. Nxb4 (21. Bxb4 $17 axb4 22. Rh4) 21... axb4 $19 22. Bc1 (22. Bxb4 $142 Nxd3 23. Ba5 Bxh6 24. Bxb6 Bxd2 25. Rd1) 22... e4 (22... Bxh6 23. Qxh6 Qf6 24. Bg5 $16) 23. dxe4 Nxe4 24. Qf4 $2 {[#]} (24. Rxe4 Rxe4 25. Rh7) 24... Nc3 $1 (24... Bxh6 25. Qxh6 Nc3 26. Bg5 $11) 25. Rxe8+ (25. Ne5 Qe6 $19) 25... Rxe8 26. Bf1 Ne2+ (26... Bxh6 27. Qxh6 Ne2+ 28. Bxe2 $17) 27. Bxe2 Rxe2 ({But not} 27... Bxh6 28. Qxh6 Rxe2 29. Kf1 $17) 28. Rh4 $2 (28. Kf1 {was called for.} Bxh6 29. Qxh6 Rxa2 30. Bf4) 28... d3 (28... Bc6 $142 29. Bd2 d3 30. Qb8+ Be8) 29. Be3 {Threatening mate with Qb8+.} Qd8 {And now ...Bc6 would win.} 30. Qd6 {[#]} Rxa2 $2 (30... Qf6 $1 $19 {[%cal Rf6f3]} 31. Qxf6 (31. Qxd7 $2 Qxf3 32. Qxd3 Re1+ 33. Qf1 Rxf1+ 34. Kxf1 Qh1+ 35. Ke2 Qb1 $19) (31. Qb8+ $2 Bf8 $19) 31... Bxf6) 31. Bg5 $2 (31. Bd4 $11 {and White is okay.} d2 32. Bxg7 Kxg7 33. Kg2) 31... Qe8 {White must now prevent ...Bc6.} 32. Bf6 $2 (32. Bh6 $19 Qe6 33. Qxd3) 32... Qe2 33. Qb8+ Be8 {Accuracy: White = 27%, Black = 73%.} 0-1

[Event "ROU-chT Men Superliga 2018"]
[Site "Sovata"]
[Date "2018.11.26"]
[Round "3"]
[White "Vavric, Pavel"]
[Black "Macovei, Andrei"]
[Result "0-1"]
[WhiteElo "2351"]
[BlackElo "2369"]
[Annotator "TA"]
[PlyCount "96"]
[EventDate "2018.11.24"]
[EventType "team-tourn"]
[EventCountry "ROU"]
[SourceTitle "playchess.com"]
[Source "ChessBase"]
[SourceQuality "1"]

{[%evp 28,96,0,0,0,0,0,0,0,0,0,0,0,0,0,0,0,-33,0,-62,-52,-91,-79,-81,-86,-69,-56,-47,-37,-76,-47,-47,-46,-49,-50,-121,-122,-125,-109,-181,-169,-160,-100,-93,0,-164,-164,-175,-183,-1045,-1183,-1347,-1331,-1347,-1347,-1341,-1314,-1332,-1323,-1267,-1278,-1083,-1138,-1646,-1616,-2178,-1297,-29977,-29978,-29972,-29972]} 1. Nf3 Nf6 2. g3 b6 3. Bg2 Bb7 4. O-O e6 5. c4 Be7 6. Nc3 O-O 7. d4 Ne4 8. Qc2 Nxc3 9. Qxc3 c5 10. Rd1 d6 11. b3 Bf6 12. Bb2 Qe7 13. Qc2 Nc6 14. e4 e5 15. d5 $1 {[%cal Rd5c6]} Nd4 {E19: Queen's Indian: Old Main Line with 7...Ne4 8 Qc2 Nxc3 8 Qxc3} 16. Nxd4 (16. Bxd4 exd4 17. Rab1 Rae8 18. Ne1 g5 19. Nd3 Bc8 20. Rf1 Bg7 21. Rbe1 g4 22. Qd2 Qf6 23. Re2 {0-1 (42) Timman,J (2560)-Adams,M (2724) London 2007}) 16... exd4 17. Re1 Rae8 {The position is equal.} 18. Qd3 g6 $146 ({Predecessor:} 18... Bc8 19. Re2 g5 20. Rae1 g4 21. Bc1 Kh8 22. f4 gxf3 23. Qxf3 Be5 24. Bf4 f6 25. Rf2 Qg7 26. Ref1 Kg8 27. Qh5 Bxf4 {½-½ (27) Anton,T (2421)-Filip,L (2396) Calimanesti Caciulata 2016}) 19. Re2 Bc8 20. Rae1 Bg7 21. f4 Qc7 22. f5 Qd7 23. Bh3 (23. Bc1 $11) 23... Bh6 $1 $15 24. e5 dxe5 25. Rxe5 Rxe5 26. Rxe5 Qd6 27. Re1 Qd8 28. Qf1 Re8 29. Bc1 $1 {[%cal Rc1h6]} Bxc1 30. Rxc1 Re3 31. fxg6 (31. Re1 $1 $15) 31... hxg6 $17 32. Bxc8 Qxc8 $15 {[%mdl 4096] Endgame KQR-KQR} 33. Qf4 (33. Re1 $17 {was necessary.} Qe8 34. Rxe3 dxe3 35. Qb1) 33... Qe8 $1 $19 34. Rf1 Re2 ({Better is} 34... d3 $1 35. Qf6 d2) 35. Qf3 Re3 (35... Rxa2 $17 36. d6 Qe3+ 37. Qxe3 dxe3) 36. Qf4 d3 $1 {[%cal Bd4d3,Bd3d2][%mdl 32]} 37. d6 {[#] d7! is the strong threat.} Re6 $1 38. Rf3 $2 {[#]} (38. Qd2 Rxd6 39. Re1) 38... Re1+ $1 39. Rf1 Rxf1+ 40. Qxf1 {KQ-KQ} Qe3+ 41. Kg2 d2 42. d7 Qd4 43. Qd1 Qxd7 44. Kf2 Qd3 45. h4 Kg7 46. g4 Kh7 47. h5 gxh5 48. gxh5 Kh6 {Accuracy: White = 45%, Black = 81%.} 0-1

[Event "ROU-chT Men Superliga 2018"]
[Site "Sovata"]
[Date "2018.11.26"]
[Round "3"]
[White "Manea, Alexandru"]
[Black "Deac, Bogdan-Daniel"]
[Result "1-0"]
[WhiteElo "2347"]
[BlackElo "2598"]
[Annotator "TA"]
[PlyCount "69"]
[EventDate "2018.11.24"]
[EventType "team-tourn"]
[EventCountry "ROU"]
[SourceTitle "playchess.com"]
[Source "ChessBase"]
[SourceQuality "1"]

{[%evp 16,69,17,10,30,10,75,79,88,68,67,57,60,72,84,73,93,97,89,94,96,102,117,89,84,88,114,135,146,135,143,104,114,102,142,154,165,118,197,178,181,150,281,298,306,303,458,456,437,222,290,254,432,421,5506,5406]} 1. d4 Nf6 2. c4 e6 3. Nf3 d5 4. Nc3 dxc4 5. e3 a6 6. a4 b6 {D24: Queen's Gambit Accepted: 3 Nf3 Nf6 4 Nc3} 7. Bxc4 Bb7 8. O-O Bb4 9. Qb3 {LiveBook: 15 Games} a5 $146 ({Predecessor:} 9... Bxc3 10. bxc3 Bxf3 11. gxf3 O-O 12. Be2 Nc6 13. Ba3 Re8 14. Rad1 {½-½ (58) Bologan,V (2580)-Anton Guijarro,D (2639) Batumi 2018}) 10. Bb5+ {[%cal Bc4b5,Bb5c6,Bc6b7,Bb7f3][%mdl 32]} Nbd7 (10... c6 $11 11. Bc4 O-O) 11. Ne5 $1 $16 O-O {Black wants to play ...Nxe5.} 12. Nc6 Bxc6 13. Bxc6 Rc8 14. f4 Qe7 15. Na2 $1 Nb8 16. Nxb4 axb4 17. Bb7 Rcd8 {[#] Strongly threatening ...c6.} 18. Bf3 $1 c5 19. Bd2 Qa7 20. Rfd1 Qa5 21. Qc4 Rd7 22. dxc5 bxc5 23. Be1 Rxd1 24. Rxd1 Qxa4 25. Qxc5 Nd5 26. Rc1 Na6 {[#]} (26... Nd7 $16 27. Qd4 Qb5) 27. Qd4 $1 $18 Qb5 28. f5 h6 (28... b3 $16 29. fxe6 fxe6) 29. Bg3 Nf6 30. Be5 exf5 (30... Nb8 $142 31. Bxf6 gxf6 32. fxe6 (32. Qxf6 Qxf5 33. Qxh6 Nd7 $18) 32... fxe6 33. Qg4+ Kh8) 31. Bxf6 gxf6 32. Qxf6 (32. Rc6 $142) 32... Nb8 33. Qxh6 {Black must now prevent Qg5+.} Qe5 $2 (33... Re8 {might work better.} 34. Qf6 Qd3 35. Qg5+ Kf8 36. Qh6+ Kg8) 34. Qg5+ Kh8 (34... Qg7 $142 35. Qxf5 Qg6) 35. Rc4 {Accuracy: White = 81%, Black = 25%.} 1-0

[Event "ROU-chT Men Superliga 2018"]
[Site "Sovata"]
[Date "2018.11.26"]
[Round "3"]
[White "Itkis, Boris"]
[Black "Carmaciu, Lucian-Catalin"]
[Result "1/2-1/2"]
[WhiteElo "2325"]
[BlackElo "2374"]
[Annotator "TA"]
[PlyCount "26"]
[EventDate "2018.11.24"]
[EventType "team-tourn"]
[EventCountry "ROU"]
[SourceTitle "playchess.com"]
[Source "ChessBase"]
[SourceQuality "1"]

{[%evp 15,26,81,85,85,85,81,110,110,112,113,141,98,104]} 1. d4 Nf6 2. c4 c5 3. d5 e5 4. Nc3 d6 5. e4 Be7 6. Be2 O-O 7. Nf3 Ne8 8. O-O g6 9. Bh6 {A56: Czech Benoni} (9. Ne1 Bg5 10. Nd3 Nd7 11. b3 Bxc1 12. Qxc1 Qe7 13. f4 exf4 14. Qxf4 Ne5 15. Nxe5 dxe5 16. Qf2 b6 17. Rad1 Nd6 18. Qf6 Qxf6 19. Rxf6 Ne8 20. Rf2 Nd6 21. Rf6 Ne8 22. Rf2 Nd6 23. Rf6 Ne8 24. Rf2 {½-½ (24) Kazhgaleyev,M (2594)-Gubajdullin,A (2504) Moscow 2008}) 9... Ng7 10. Qd2 f5 11. Ng5 $146 ({Predecessor:} 11. exf5 Bxf5 12. Ng5 Qe8 13. Rae1 Bxg5 14. Bxg5 h5 15. f4 Nd7 16. Nb5 e4 17. Nxd6 {1-0 (46) Dyballa,M (2310)-Becker,W (2305) Germany 1998}) 11... f4 12. h4 Na6 13. Nb5 Nc7 1/2-1/2

[Event "ROU-chT Men Superliga 2018"]
[Site "Sovata"]
[Date "2018.11.26"]
[Round "3"]
[White "Balla, Tamas-Kristof"]
[Black "Jianu, Vlad-Cristian"]
[Result "0-1"]
[WhiteElo "2318"]
[BlackElo "2546"]
[Annotator "TA"]
[PlyCount "95"]
[EventDate "2018.11.24"]
[EventType "team-tourn"]
[EventCountry "ROU"]
[SourceTitle "playchess.com"]
[Source "ChessBase"]
[SourceQuality "1"]

{[%evp 16,95,17,18,9,15,67,0,36,26,27,18,33,24,35,21,65,37,55,12,37,2,32,14,17,0,0,0,0,1,7,-6,16,-19,-8,-3,-10,-8,-11,-118,-127,-132,-130,-127,-127,-225,-248,-248,-239,-239,-238,-227,-248,-245,-229,-230,0,-195,-197,-235,-225,-292,-292,-557,-551,-534,-535,-626,-608,-508,-574,-620,-266,-300,-264,-238,-170,-100,-74,-102,-111,-111]} 1. d4 Nf6 2. c4 e6 3. Nc3 Bb4 4. e3 {[%cal Be2e3,Be3e4][%mdl 32]} O-O 5. Nge2 Re8 6. a3 Bf8 7. e4 d6 {E46: Nimzo-Indian: Rubinstein: 4 e3 0-0 5 Ne2 without early Bd3} (7... d5 8. e5 Nfd7 9. c5 b6 10. b4 a5 11. Rb1 f6 12. f4 axb4 13. axb4 bxc5 14. bxc5 fxe5 15. fxe5 {0-1 (41) Zhang,P (2567)-Matlakov,M (2684) Harbin 2016}) 8. g3 c5 9. Bg2 {LiveBook: 4 Games} Nc6 {The position is equal.} 10. O-O a6 (10... Qb6 $11) 11. h3 (11. e5 $14 cxd4 12. exf6 dxc3 13. fxg7 Bxg7 14. Nxc3) 11... cxd4 12. Nxd4 Bd7 13. Be3 Rc8 14. Rc1 $146 ({Predecessor:} 14. Nxc6 Bxc6 15. Qe2 {0-1 (37) Cherepkov,A (2415)-Taimanov,M (2510) St Petersburg 1995}) 14... Na5 15. b3 Qc7 16. Na2 Qb8 17. Qd2 b6 {[#] Strongly threatening ...e5.} 18. Qd3 d5 19. cxd5 e5 $1 {[%cal Re5d4]} 20. Rxc8 Rxc8 21. Ne2 Bb5 $36 {[%mdl 2048] Black is more active.} 22. Qd1 Bxa3 23. Nac3 Bd7 24. Qd3 b5 25. Nb1 Bd6 26. Rc1 Nb7 27. Rc3 (27. Nd2 $11 {keeps the balance.}) 27... Nc5 $17 28. Bxc5 Bxc5 29. Nc1 Qb6 {Threatens to win with ...b4.} 30. Qd2 (30. Qf1 $17 {was necessary.}) 30... b4 $19 31. Rc2 {[#]} Bxf2+ $1 {[%mdl 512]} 32. Qxf2 Qxf2+ 33. Rxf2 Rxc1+ {[%mdl 64] Double Attack} 34. Rf1 Rc2 35. Rf2 Rc1+ 36. Rf1 Rc8 37. Rd1 Bb5 38. Kf2 Rc2+ 39. Rd2 $2 (39. Nd2 {was the only chance.}) 39... Rc1 40. Rb2 Nd7 41. Nd2 Nc5 {Hoping for ...Nd3+.} 42. Ra2 Nd3+ 43. Ke3 {and the idea Bf1 leaves White hopeful.} Re1+ (43... Rc3 $142 44. Nb1 Rxb3) 44. Kf3 Nc1 45. Rc2 {Intending Rc8+ and mate.} Be2+ 46. Kf2 {[%cal Rc2c8]} Nd3+ 47. Ke3 {[%cal Rc2c8]} Bf1+ 48. Kf3 {Accuracy: White = 43%, Black = 59%.} 0-1

[Event "ROU-chT Men Superliga 2018"]
[Site "Sovata"]
[Date "2018.11.26"]
[Round "3"]
[White "Gheorghiu, Calin"]
[Black "Ogleznev, Alexandr"]
[Result "0-1"]
[WhiteElo "2278"]
[BlackElo "2333"]
[Annotator "TA"]
[PlyCount "78"]
[EventDate "2018.11.24"]
[EventType "team-tourn"]
[EventCountry "ROU"]
[SourceTitle "playchess.com"]
[Source "ChessBase"]
[SourceQuality "1"]

{[%evp 21,78,-15,-10,-4,0,0,0,0,0,0,0,0,8,-54,-37,-80,-86,-193,-193,-207,-191,-192,-191,-188,-182,-184,-195,-193,-207,-272,-262,-264,-273,-261,-254,-306,-284,-291,-291,-333,-325,-335,-304,-381,-372,-561,-536,-597,-590,-29984,-29985,-29995,-29996,-29996,-29997,-29997,-29998,-29998,-29998]} 1. d4 Nf6 2. c4 e6 3. Nc3 Bb4 4. e3 O-O 5. Nge2 d5 6. a3 Be7 7. Nf4 c6 8. cxd5 exd5 9. Bd3 Re8 10. O-O Nbd7 11. b4 {E46: Nimzo-Indian: Rubinstein: 4 e3 0-0 5 Ne2 without early Bd3} (11. f3 Nf8 12. Bd2 Ng6 13. Nfe2 c5 14. Rc1 b6 15. Be1 Bf8 16. Bf2 Bb7 17. Qd2 Qd7 18. g4 cxd4 19. exd4 {1-0 (85) Gupta,A (2613)-Almasi,Z (2684) Gibraltar 2016}) 11... a6 {LiveBook: 7 Games} 12. f3 {[%cal Bf2f3,Bf3e4][%mdl 32]} Nf8 13. Bc2 {The position is equal.} Ne6 14. Nxe6 Bxe6 15. e4 dxe4 16. fxe4 Bg4 $146 {[%cal Be6g4,Bg4h5,Bh5g6][%mdl 32]} ({Predecessor:} 16... Bc4 17. Rf2 {0-1 (59) Yap,K (2366)-Wang,A (2288) Berkeley 2018}) 17. Qd3 (17. Qd2 $11) 17... Bh5 $1 $15 18. Bg5 Bg6 19. Qc4 {[#]} (19. Rae1 $17 {was worth a try.}) 19... b5 $1 $19 {[%cal Rb5c4]} 20. Qd3 Nxe4 {[%mdl 64] Discovered Attack} 21. Nxe4 {Threatens to win with Bxe7.} Bxg5 22. Rae1 Ra7 $36 {[%mdl 2048] Black is on the roll.} 23. Qc3 Bh4 24. g3 Rae7 25. Nf2 {White wants to play Bxg6.} Rxe1 26. Rxe1 Rxe1+ 27. Qxe1 {[#] aiming for Bxg6.} Bf6 ({Don't do} 27... Bxc2 28. gxh4 Bb3 29. Qe3 $19) 28. Bxg6 hxg6 ({Less strong is} 28... fxg6 29. Qe6+ Kh8 30. Qxc6 $17) 29. Qe4 Qd7 ({Not} 29... Bxd4 30. Qxc6 Kh7 31. Qf3 $17) 30. Kg2 Bxd4 31. Nd3 f5 32. Qe2 Qd5+ 33. Kh3 (33. Qf3 {was the only chance.} Qa2+ 34. Kh3) 33... Qe4 34. Qa2+ Kh7 {( -> ...g5)} 35. Nf4 {If only White now had time for Qf7....} g5 {[%cal Bg6g5,Bg5g4][%mdl 32] Black mates.} 36. Ne6 g4+ 37. Kh4 Bf6+ 38. Ng5+ Kh6 {[%csl Gh6][%cal Rf6g5]} 39. Qd2 Qe7 {Accuracy: White = 37%, Black = 72%.} 0-1

[Event "ROU-chT Men Superliga 2018"]
[Site "Sovata"]
[Date "2018.11.26"]
[Round "3"]
[White "Dicu, Razvan-Stefan"]
[Black "Andronescu, Madalin"]
[Result "1-0"]
[WhiteElo "2274"]
[BlackElo "2070"]
[Annotator "ChessBase"]
[PlyCount "173"]
[EventDate "2018.11.24"]
[EventType "team-tourn"]
[EventCountry "ROU"]
[SourceTitle "playchess.com"]
[Source "ChessBase"]
[SourceQuality "1"]
[TimeControl "40/5400+30:1800+30"]

1. d4 {[%emt 0:00:00]} Nf6 {[%emt 0:00:00]} 2. Nc3 {[%emt 0:00:00]} d5 {[%emt 0:00:19]} 3. Bf4 {[%emt 0:00:33]} e6 {[%emt 0:00:12]} 4. e3 {[%emt 0:01:41]} Be7 {[%emt 0:00:48]} 5. Bd3 {[%emt 0:01:08]} c5 {[%emt 0:01:44]} 6. Nb5 {[%emt 0:07:52]} Na6 {[%emt 0:00:22]} 7. dxc5 {[%emt 0:05:50]} Bxc5 {[%emt 0:00:43]} 8. Nf3 {[%emt 0:00:54]} O-O {[%emt 0:00:09]} 9. c3 {[%emt 0:01:33]} Be7 {[%emt 0:12:20]} 10. O-O {[%emt 0:15:51]} Bd7 {[%emt 0:02:01]} 11. Ne5 {[%emt 0:01:44]} Be8 {[%emt 0:02:26]} 12. a4 {[%emt 0:10:36]} Ne4 {[%emt 0:14:08]} 13. Bxe4 {[%emt 0:06:31]} dxe4 {[%emt 0:00:07]} 14. Qxd8 {[%emt 0:01:36]} Rxd8 {[%emt 0:00:51]} 15. Nc4 {[%emt 0:00:07]} Nc5 {[%emt 0:01:07]} 16. Bc7 {[%emt 0:18:17]} Rd7 {[%emt 0:02:34]} 17. Bd6 {[%emt 0:01:34]} a6 {[%emt 0:01:27]} 18. Bxc5 {[%emt 0:04:52]} axb5 {[%emt 0:01:34]} 19. Bxe7 {[%emt 0:00:08]} Rxe7 {[%emt 0:00:03]} 20. Nd6 {[%emt 0:00:18]} bxa4 {[%emt 0:06:22]} 21. Nxe8 {[%emt 0:00:15]} Rfxe8 {[%emt 0:01:05]} 22. Rxa4 {[%emt 0:00:07]} f5 {[%emt 0:00:41]} 23. Rd1 {[%emt 0:00:07]} Rc7 {[%emt 0:00:45]} 24. h4 {[%emt 0:05:57]} Kf7 {[%emt 0:03:13]} 25. Rd6 {[%emt 0:01:21]} Kg6 {[%emt 0:12:37]} 26. g4 {[%emt 0:02:34]} fxg4 {[%emt 0:00:56]} 27. Rxe4 {[%emt 0:00:29]} Kh5 {[%emt 0:00:04]} 28. Rdd4 {[%emt 0:04:33]} e5 {[%emt 0:01:47]} 29. Rb4 {[%emt 0:00:22]} Kxh4 {[%emt 0:00:19]} 30. Rxg4+ {[%emt 0:00:09]} Kh5 {[%emt 0:00:05]} 31. Rh4+ {[%emt 0:00:11]} Kg6 {[%emt 0:00:09]} 32. Rbg4+ {[%emt 0:00:06]} Kf5 {[%emt 0:00:09]} 33. e4+ {[%emt 0:00:15]} Kf6 {[%emt 0:00:44]} 34. Rxh7 {[%emt 0:00:26]} Rd8 {[%emt 0:00:05]} 35. Rh5 {[%emt 0:00:32]} g6 {[%emt 0:00:13]} 36. Rh6 {[%emt 0:03:29]} Rg7 {[%emt 0:00:07]} 37. Rh3 {[%emt 0:00:07]} Rd2 {[%emt 0:01:00]} 38. b4 {[%emt 0:00:32]} Rc7 {[%emt 0:03:27]} 39. Rhg3 {[%emt 0:00:21]} Rg7 {[%emt 0:00:50]} 40. Rf3+ {[%emt 0:00:00]} Ke6 {[%emt 0:00:00]} 41. Rfg3 {[%emt 0:00:20]} Kf6 {[%emt 0:01:01]} 42. Kf1 {[%emt 0:04:51]} Rg8 {[%emt 0:04:38]} 43. Rf3+ {[%emt 0:06:23]} Ke6 {[%emt 0:00:08]} 44. Rh4 {[%emt 0:00:14]} Rd7 {[%emt 0:02:19]} 45. Rh6 {[%emt 0:00:53]} Rc7 {[%emt 0:04:34]} 46. Rg3 {[%emt 0:04:23]} Kf6 {[%emt 0:00:10]} 47. Ke2 {[%emt 0:00:07]} Rc4 {[%emt 0:09:11]} 48. Kd3 {[%emt 0:00:51]} b5 {[%emt 0:00:38]} 49. Rg4 {[%emt 0:00:49]} Rc7 {[%emt 0:03:57]} 50. Kc2 {[%emt 0:00:38]} Ra7 {[%emt 0:00:15]} 51. Kb3 {[%emt 0:07:23]} Rd7 {[%emt 0:00:12]} 52. Rg3 {[%emt 0:00:33]} Rd2 {[%emt 0:01:07]} 53. Rh7 {[%emt 0:02:43]} Rxf2 {[%emt 0:03:38]} 54. Rb7 {[%emt 0:00:07]} Rf4 {[%emt 0:00:29]} 55. Rb6+ {[%emt 0:00:16]} Kf7 {[%emt 0:00:07]} 56. Re3 {[%emt 0:08:19]} g5 {[%emt 0:00:21]} 57. Rxb5 {[%emt 0:00:29]} Ke6 {[%emt 0:04:52]} 58. Rb6+ {[%emt 0:00:44]} Kf7 {[%emt 0:03:03]} 59. Rh3 {[%emt 0:01:13]} Rh4 {[%emt 0:02:14]} 60. Rxh4 {[%emt 0:00:38]} gxh4 {[%emt 0:00:06]} 61. Rh6 {[%emt 0:00:08]} Rg4 {[%emt 0:00:08]} 62. b5 {[%emt 0:00:29]} Kg7 {[%emt 0:00:05]} 63. Rh5 {[%emt 0:01:29]} Kg6 {[%emt 0:00:05]} 64. Rh8 {[%emt 0:00:10]} Kg7 {[%emt 0:00:05]} 65. Rd8 {[%emt 0:01:10]} h3 {[%emt 0:00:38]} 66. Rd1 {[%emt 0:01:03]} h2 {[%emt 0:00:32]} 67. Rh1 {[%emt 0:00:08]} Rh4 {[%emt 0:00:06]} 68. c4 {[%emt 0:01:38]} Kf6 {[%emt 0:00:07]} 69. b6 {[%emt 0:00:13]} Rh7 {[%emt 0:00:38]} 70. c5 {[%emt 0:00:15]} Ke6 {[%emt 0:00:08]} 71. Kc4 {[%emt 0:00:25]} Kd7 {[%emt 0:03:29]} 72. Kd5 {[%emt 0:00:13]} Rh6 {[%emt 0:00:31]} 73. Kxe5 {[%emt 0:01:35]} Kc6 {[%emt 0:00:07]} 74. Kf4 {[%emt 0:02:11]} Rh4+ {[%emt 0:01:20]} 75. Kf5 {[%emt 0:00:33]} Rh5+ {[%emt 0:00:08]} 76. Kf6 {[%emt 0:00:14]} Rh3 {[%emt 0:08:50]} 77. e5 {[%emt 0:00:38]} Kb7 {[%emt 0:00:04]} 78. e6 {[%emt 0:00:29]} Rf3+ {[%emt 0:00:09]} 79. Kg7 {[%emt 0:00:19]} Rg3+ {[%emt 0:01:42]} 80. Kf7 {[%emt 0:00:07]} Rf3+ {[%emt 0:00:03]} 81. Ke8 {[%emt 0:00:07]} Re3 {[%emt 0:00:21]} 82. e7 {[%emt 0:00:23]} Rh3 {[%emt 0:00:09]} 83. Kd7 {[%emt 0:00:26]} Rd3+ {[%emt 0:00:07]} 84. Ke6 {[%emt 0:00:04]} Re3+ {[%emt 0:00:06]} 85. Kd5 {[%emt 0:00:22]} Rxe7 {[%emt 0:02:14]} 86. Rxh2 {[%emt 0:00:07]} Rg7 {[%emt 0:00:06]} 87. Ke4 1-0

[Event "ROU-chT Men Superliga 2018"]
[Site "Sovata"]
[Date "2018.11.26"]
[Round "3"]
[White "Pop, Alexandru"]
[Black "Luncasu, Raul-Ionut"]
[Result "1-0"]
[WhiteElo "2274"]
[BlackElo "2187"]
[Annotator "NA"]
[PlyCount "65"]
[EventDate "2018.11.24"]
[EventType "team-tourn"]
[EventCountry "ROU"]
[SourceTitle "playchess.com"]
[Source "ChessBase"]
[SourceQuality "1"]
[TimeControl "40/5400+30:1800+30"]

1. d4 {[%emt 0:00:00]} Nf6 {[%emt 0:00:00]} 2. Nf3 {[%emt 0:00:00]} c5 {[%emt 0:00:00]} 3. d5 {[%emt 0:00:26]} e6 {[%emt 0:00:00]} 4. c4 {[%emt 0:00:34]} exd5 {[%emt 0:00:19]} 5. cxd5 {[%emt 0:00:11]} d6 {[%emt 0:00:03]} 6. Nc3 {[%emt 0:03:41]} g6 {[%emt 0:00:27]} 7. e3 {[%emt 0:00:26] A61: Modern Benoni: Nf3 without early e4} Bg7 {[%emt 0:00:18]} 8. Be2 {[%emt 0:00:13]} O-O {[%emt 0:00:09]} 9. O-O {[%emt 0:00:05]} Na6 {[%emt 0:02:09]} (9... Bg4 10. h3 Bxf3 11. Bxf3 Nbd7 12. Qc2 a6 13. a4 c4 14. Be2 Rc8 15. a5 Rc5 16. Qa4 Re8 17. Rd1 Ne4 18. Nxe4 Rxe4 {0-1 (28) Inarkiev,E (2690)-Dubov,D (2691) Satka 2018}) 10. Nd2 {[%emt 0:06:29]} Nc7 {[%emt 0:00:30]} 11. e4 {[%emt 0:01:54]} Re8 {[%emt 0:01:18]} 12. Re1 {[%emt 0:04:55]} a6 {[%emt 0:01:18]} 13. a4 {[%emt 0:00:14]} Rb8 {[%emt 0:15:06]} 14. a5 $1 {[%emt 0:04:32]} b5 $146 {[%emt 0:00:43]} 15. axb6 $1 {[%emt 0:00:55]} Rxb6 {[%emt 0:00:03]} 16. Nc4 {[%emt 0:15:49]} Rb4 {[%emt 0:00:36]} 17. f3 {[%emt 0:11:10]} Bf8 {[%emt 0:34:20]} 18. Bg5 {[%emt 0:09:34]} h6 {[%emt 0:02:24]} 19. Bh4 {[%emt 0:00:21]} g5 {[%emt 0:01:39]} 20. Bf2 {[%emt 0:00:46]} Bd7 {[%emt 0:01:18]} 21. Ra2 {[%emt 0:14:36]} Nh5 {[%emt 0:03:47]} 22. g3 {[%emt 0:11:20]} Ng7 $18 {[%emt 0:03:51]} (22... Nf6 $16 {keeps fighting.}) 23. Bf1 {[%emt 0:03:21]} f5 {[%emt 0:11:07]} 24. e5 {[%emt 0:00:13]} dxe5 {[%emt 0:00:10]} 25. d6 {[%emt 0:01:19]} Nce6 {[%emt 0:02:23]} 26. Nd5 {[%emt 0:03:35]} Rb8 {[%emt 0:01:40]} 27. Nxe5 {[%emt 0:00:10]} Nh5 {[%emt 0:09:26]} 28. Nc7 {[%emt 0:02:06]} Rb6 {[%emt 0:03:25]} 29. Nxe8 {[%emt 0:00:42]} Qxe8 {[%emt 0:00:02]} 30. Rxa6 {[%emt 0:00:44]} Rxa6 {[%emt 0:00:09]} 31. Bxa6 {[%emt 0:00:08]} Nhg7 {[%emt 0:00:02]} 32. Bc4 {[%emt 0:00:36]} Kh7 {[%emt 0:00:11]} 33. Qd5 {[%emt 0:00:55]} 1-0